Planeetat - monivalintavisa - Statistics

Yleistilastot
  • Tätä visaa on pelattu 635 kertaa
    634 viimeisimmän päivityksen jälkeen
  • Keskiarvotulos 8 / 15
Vastaustilastot
Kysymys Vastaus % Oikein
Mikä planeetta on lähimpänä Aurinkoa? Merkurius
88%
Mikä on aurinkokunnan suurin planeetta? Jupiter
83%
Mikä on aurinkokunnan pienin planeetta? Merkurius
80%
Mikä planeetta on kauimpana Auringosta? Neptunus
75%
Mikä seuraavista on kuva Jupiterista?
73%
Minkä planeetan pinnalta voi löytää "suuren punaisen pilkun"? Jupiterin
68%
Minkä näistä planeetoista voi nähdä Maasta paljain silmin? Kaikki yllä olevat
57%
Millä planeetalla on täsmälleen kaksi kuuta? Marsilla
45%
Mikä planeetta on tunnettu myös nimillä "Aamutähti" ja "Lucifer"? Venus
45%
Minkä planeetan pinnan keskilämpötila on korkein? Venuksen
42%
Mikä planeetta on kooltaan lähimpänä Maata? Venus
39%
Mikä planeetta vaikuttaisi liikkuvaan taivaalla nopeimmin Maasta katsottuna? Merkurius
37%
Minkä planeetan William Herschel löysi vuonna 1781? Uranuksen
37%
Millä planeetalla on eniten aktiivisia tai lepotilassa olevia tulivuoria? Venuksella
34%
Mikä planeetta on lähimpänä Maata? Eri planeetat eri aikoihin
17%
Ehtoja vastaavia visoja ei löytynyt
Tulosjakauma
Jokaisen tuloksen saaneiden osuus
Persentiili vastausten määrän mukaan
Tuloshistoriasi
Et ole pelannut tätä visaa sen viimeisimmän päivityksen jälkeen